| 000 | 00877nam a2200289 a 4500 | ||
|---|---|---|---|
| 001 | 000109755 | ||
| 003 | CHAP | ||
| 005 | 20220823113230.0 | ||
| 008 | 140526s2011 mx ad |rm |0|||||spa d | ||
| 010 | _a106217 | ||
| 011 | _a107189 | ||
| 040 | _cCHAP | ||
| 090 | _aTesis | ||
| 100 | 1 |
_aVarela Bandera, María Cristina _9127020 |
|
| 245 | 1 | 0 |
_aDensidad y arreglos topológicos en la línea mutante de soya bombona / _cpor María Cristina Varela Bandera. |
| 260 |
_aCocula, Gro. : _bEl autor, _c2011. |
||
| 300 |
_a83 h. : _bil,. gráfs. |
||
| 502 | _aTesis (Ing. Agr. Fitotecnista) -- CSAEGRO. | ||
| 590 |
_aE5652GLJ _b05 _c20140526 |
||
| 650 | 1 | 4 |
_aDensidad de siembra. _931812 |
| 650 | 1 | 4 |
_aSoya _xMejoramiento. _9109069 |
| 650 | 1 | 4 |
_aSoya _xRendimiento. _9109084 |
| 650 | 1 | 4 |
_aSoya _xSubproductos. _9109091 |
| 901 | _aBK | ||
| 942 |
_cTESIS _2ddc |
||
| 942 |
_n0 _2ddc |
||
| 999 |
_c106217 _d106217 |
||